000 00705nam a2200241 i 4500
001 C2-0287543
003 PPAK
005 20180728020834.0
008 080218s2006 nyua|||| ||||| | eng d
020 _a0415262720
040 _aPPAK
_beng
_cPPAK
_erda
082 0 4 _a728.0222
_223
090 0 0 _a728.0222
_bCOU
_dRLCK
245 0 0 _aCourtyard housing :
_bpast, present and future
264 1 _aNew York :
_bTaylor & Francis ,
_c2006
300 _axix, 248 pages :
_billustrations ;
_c28 cm
336 _2rdacontent
_atext
337 _2rdamedia
_aunmediated
338 _2rdacarrier
_avolume
650 1 0 _aCourtyard houses - Designs and plans.
700 1 _aEdwards, Brian,
_eeditor
942 _ddc
_cB
999 _c93234
_d93234